[Event "2010 Calgary International"]
[Site "Calgary"]
[Date "2010.05.24"]
[Round "8.1"]
[White "Mikhalevski, Victor"]
[Black "Fedorowicz, John"]
[Result "1-0"]
[WhiteElo "2614"]
[BlackElo "2456"]
[PlyCount "85"]
[EventDate "2010.05.20"]
[EventType "swiss"]
[EventRounds "9"]
[EventCountry "CAN"]

1. d4 d6 2. Nf3 Bg4 3. c4 Nd7 4. g3 e5 5. Bg2 c6 6. Nc3 Ngf6 7. O-O Be7 8. h3
Bxf3 9. exf3 exd4 10. Qxd4 O-O 11. f4 a5 12. b3 Re8 13. Rd1 Nc5 14. Rb1 Nfd7
15. Bb2 Bf8 16. h4 Qb6 17. Ba1 Rad8 18. h5 h6 19. Bf3 Qc7 20. Qd2 Nf6 21. Qc2
Qc8 22. Kg2 Qe6 23. Rd4 Qc8 24. Rbd1 Ne6 25. R4d2 Nc5 26. Bb2 Re6 27. Qb1 Ree8
28. Ba3 Qc7 29. Rd4 Ne6 30. R4d3 Nc5 31. R3d2 Rd7 32. Qf5 b6 33. Bxc5 bxc5 34.
Ne4 Re6 35. Nxf6+ Rxf6 36. Qe4 d5 37. cxd5 Rfd6 38. Qf5 cxd5 39. Rxd5 Rxd5 40.
Bxd5 Rd6 41. Be4 g6 42. hxg6 Rxd1 43. gxf7+ 1-0

[Event "Edmonton International Qualifier"]
[Site "Edmonton"]
[Date "2010.06.05"]
[Round "2"]
[White "Gardner, Robert"]
[Black "Valencia, Belsar"]
[Result "1/2-1/2"]
[WhiteElo "2330"]
[BlackElo "2160"]
[PlyCount "80"]
[EventDate "2010.06.05"]
[EventType "swiss"]
[EventRounds "5"]
[EventCountry "CAN"]

1. f4 c5 2. Nf3 Nc6 3. e4 e6 4. d3 d5 5. Bd2 Nge7 6. Be2 g6 7. O-O Bg7 8. c3
O-O 9. a4 b6 10. Na3 Bb7 11. e5 d4 12. Nb5 dxc3 13. bxc3 Nc8 14. Ng5 a6 15. Na3
N6e7 16. Rb1 Bc6 17. Ne4 a5 18. Nc4 Ra7 19. Rf3 Nd5 20. Rh3 Qe8 21. Qe1 f5 22.
Ned6 Nxd6 23. Nxd6 Qd8 24. Bd1 Rd7 25. Bb3 h6 26. d4 cxd4 27. c4 Nc7 28. c5
bxc5 29. Bxa5 Qa8 30. Bxc7 Rxc7 31. Bxe6+ Kh7 32. Qg3 Qxa4 33. Qg5 Qc2 34. Rf1
Ra7 35. Rh4 Be4 36. Nxe4 Qxe4 37. g4 Qe3+ 38. Kh1 Qe4+ 39. Kg1 Qe3+ 40. Kh1
Qe4+ 1/2-1/2

[Event "2010 Edmonton International"]
[Site "Edmonton"]
[Date "2010.07.29"]
[Round "3"]
[White "Pechenkin, Vladimir"]
[Black "Gardner, Robert"]
[Result "1/2-1/2"]
[WhiteElo "2345"]
[BlackElo "2151"]
[PlyCount "91"]
[EventDate "2010.07.28"]
[EventType "tourn"]
[EventRounds "9"]
[EventCountry "CAN"]
[EventCategory "4"]
[TimeControl "600"]

1. Nf3 b6 2. g3 Bb7 3. Bg2 e6 4. O-O Nf6 5. d3 d5 6. Nbd2 Be7 7. e4 O-O 8. e5
Nfd7 9. Re1 c5 10. h4 Nc6 11. Nf1 b5 12. Bf4 a5 13. N1h2 Re8 14. Ng5 h6 15.
Ngf3 f5 16. Qd2 Kh7 17. g4 Nf8 18. h5 Kh8 19. gxf5 exf5 20. Bh3 Nh7 21. Bxf5
Rf8 22. Bg4 d4 23. a3 Qd5 24. Re4 Nd8 25. e6 Nf6 26. Ne5 Re8 27. Bxh6 Nxe4 28.
Ng6+ Kh7 29. dxe4 Qxe4 30. f3 Qd5 31. Qd3 Kg8 32. Nf4 Qe5 33. Qg6 Rf8 34. Ng2
Qf6 35. Qxf6 Bxf6 36. Bf4 Ra6 37. Re1 Re8 38. Bd2 Nxe6 39. Nf4 Nc7 40. Rxe8+
Nxe8 41. Be6+ Kh7 42. Ng6 Nc7 43. Nf8+ Kh8 44. Ng6+ Kh7 45. Nf8+ Kh8 46. Ng6+
1/2-1/2

[Event "2010 Edmonton International"]
[Site "Edmonton"]
[Date "2010.07.29"]
[Round "3"]
[White "Van Heirzeele, Daniel"]
[Black "Wang, Richard"]
[Result "0-1"]
[WhiteElo "2120"]
[BlackElo "2190"]
[PlyCount "46"]
[EventDate "2010.07.28"]
[EventType "tourn"]
[EventRounds "9"]
[EventCountry "CAN"]
[EventCategory "4"]
[TimeControl "600"]

1. d4 d5 2. c4 c6 3. Nf3 Nf6 4. Nc3 e6 5. g3 dxc4 6. a4 Nbd7 7. Bg2 Be7 8. O-O
O-O 9. e4 e5 10. dxe5 Ng4 11. Bf4 Qa5 12. e6 fxe6 13. Qe2 Nge5 14. Nxe5 Nxe5
15. Bxe5 Qxe5 16. Rad1 b5 17. Kh1 b4 18. Nb1 Ba6 19. Bh3 Rf6 20. Rd7 Bf8 21. b3
Bc8 22. Rd8 c3 23. Qc4 Ba6 0-1

[Event "Calgary Team Championship"]
[Site "?"]
[Date "2011.11.08"]
[Round "3"]
[White "Rekhson, Vladislav"]
[Black "Gold, Itohan"]
[Result "0-1"]
[WhiteElo "2047"]
[BlackElo "2136"]
[PlyCount "90"]
[EventDate "2011.??.??"]

1. e4 c5 2. Nf3 d6 3. d4 cxd4 4. Qxd4 Nc6 5. Bb5 Bd7 6. Bxc6 Bxc6 7. Nc3 Nf6 8.
Bg5 e6 9. O-O-O Be7 10. Qd3 h6 11. Bxf6 Bxf6 12. Nd4 Be7 13. f4 a6 14. f5 e5
15. f6 exd4 16. fxe7 Qxe7 17. Qxd4 Qg5+ 18. Kb1 Rd8 19. h4 Qe5 20. Nd5 Qxd4 21.
Rxd4 O-O 22. Ne7+ Kh7 23. Nxc6 bxc6 24. Rhd1 Rfe8 25. Rxd6 Rxd6 26. Rxd6 Rxe4
27. b3 Rxh4 28. Rxc6 Rg4 29. Rxa6 Rxg2 30. a4 f5 31. a5 f4 32. Ra8 Rg5 33. b4
Rf5 34. Rd8 f3 35. Rd1 g5 36. Kc1 g4 37. a6 f2 38. a7 Rf8 39. b5 g3 40. b6 g2
41. b7 f1=Q 42. b8=Q Qxd1+ 43. Kxd1 g1=Q+ 44. Kd2 Qd4+ 45. Ke1 Qe3+ 0-1

[Event "2011 Edmonton Championship"]
[Site "Edmonton"]
[Date "2011.01.06"]
[Round "1.1"]
[White "Gicev, Blagoja"]
[Black "Holmstrom, Phil"]
[Result "1-0"]
[WhiteElo "2386"]
[BlackElo "1816"]
[PlyCount "45"]
[EventDate "2011.01.06"]
[EventType "k.o."]
[EventRounds "4"]
[EventCountry "CAN"]

1. e4 g6 2. d4 Bg7 3. Nc3 c6 4. Nf3 d5 5. Be2 dxe4 6. Nxe4 Nf6 7. Nxf6+ exf6 8.
O-O O-O 9. Bf4 Bf5 10. c4 Na6 11. Qb3 Qd7 12. Rfd1 Rfe8 13. Bf1 h5 14. d5 c5
15. a3 g5 16. Bd2 Rab8 17. Bd3 Bg4 18. Bc2 Re2 19. Qd3 Rbe8 20. h3 Bxf3 21.
Qxf3 g4 22. hxg4 hxg4 23. Qf4 1-0

[Event "2011 Edmonton Championship"]
[Site "Edmonton"]
[Date "2011.01.06"]
[Round "1.1"]
[White "Grumic, Sasa"]
[Black "Purewal, Sardul"]
[Result "1-0"]
[WhiteElo "2240"]
[BlackElo "2050"]
[PlyCount "61"]
[EventDate "2011.01.06"]
[EventType "k.o."]
[EventRounds "4"]
[EventCountry "CAN"]

1. e4 e5 2. Nf3 Nc6 3. Bc4 Bc5 4. b4 Bxb4 5. c3 Be7 6. d4 exd4 7. cxd4 Bb4+ 8.
Kf1 d5 9. exd5 Bg4 10. dxc6 Bxf3 11. Qxf3 Qxd4 12. Qe2+ Ne7 13. Bb2 Qb6 14.
cxb7 Qxb7 15. Ba6 Qb6 16. Qb5+ c6 17. Qxb6 axb6 18. Be2 O-O 19. a3 Ba5 20. g3
Rad8 21. Kg2 Nf5 22. Ra2 Rfe8 23. Bc3 Bxc3 24. Nxc3 b5 25. Rd1 Ra8 26. Bf3 Rab8
27. Re2 Kf8 28. Rxe8+ Rxe8 29. Ne4 Ra8 30. Nd6 Ne7 31. Nxb5 1-0

[Event "2011 Edmonton Championship"]
[Site "Edmonton"]
[Date "2011.01.06"]
[Round "1.1"]
[White "Kassam, Jamil"]
[Black "Gardner, Robert"]
[Result "0-1"]
[WhiteElo "1833"]
[BlackElo "2309"]
[PlyCount "38"]
[EventDate "2011.01.06"]
[EventType "k.o."]
[EventRounds "4"]
[EventCountry "CAN"]

1. d4 Nf6 2. Nf3 e6 3. c4 b6 4. g3 Ba6 5. Qc2 c5 6. Bg2 Nc6 7. dxc5 Bxc5 8. O-O
Rc8 9. b3 d5 10. Rd1 Qe7 11. Nbd2 Bxf2+ 12. Kh1 Ng4 13. Nf1 Bc5 14. e3 Nb4 15.
Qe2 dxc4 16. bxc4 Bxc4 17. Qb2 O-O 18. Ne5 Nxe5 19. Qxe5 Nd3 0-1

[Event "2011 Edmonton Championship"]
[Site "Edmonton"]
[Date "2011.01.06"]
[Round "1.1"]
[White "Pedersen, Rick"]
[Black "Hughey, Micah"]
[Result "0-1"]
[WhiteElo "2067"]
[BlackElo "2182"]
[PlyCount "80"]
[EventDate "2011.01.06"]
[EventType "k.o."]
[EventRounds "4"]
[EventCountry "CAN"]

1. e4 e5 2. Nf3 Nc6 3. Bb5 Nf6 4. Qe2 a6 5. Ba4 d6 6. c3 g6 7. h3 Bg7 8. O-O
O-O 9. d3 b5 10. Bc2 h6 11. Be3 Re8 12. Nbd2 Bb7 13. a4 Qd7 14. Rfd1 Rab8 15.
axb5 axb5 16. d4 exd4 17. Nxd4 Nxd4 18. Bxd4 c5 19. Bxf6 Bxf6 20. Nf1 b4 21.
Ra7 Ra8 22. Rxa8 Rxa8 23. e5 Qc6 24. f4 dxe5 25. f5 bxc3 26. fxg6 cxb2 27.
gxf7+ Kf8 28. Qg4 Qxg2+ 29. Qxg2 Bxg2 30. Kxg2 Ra1 31. Nd2 Rc1 32. Ba4 c4 33.
Nb1 c3 34. Na3 Be7 35. Bb3 Bxa3 36. Rd8+ Kg7 37. Rg8+ Kf6 38. f8=Q+ Bxf8 39.
Rxf8+ Ke7 40. Rf7+ Ke8 0-1

[Event "2011 Edmonton Championship"]
[Site "Edmonton"]
[Date "2011.01.06"]
[Round "1.1"]
[White "Razzaq, Ali"]
[Black "Valencia, Belsar"]
[Result "1/2-1/2"]
[WhiteElo "1952"]
[BlackElo "2256"]
[PlyCount "42"]
[EventDate "2011.01.06"]
[EventType "k.o."]
[EventRounds "4"]
[EventCountry "CAN"]

1. d4 Nf6 2. Nf3 g6 3. Nc3 d5 4. Bf4 Bg7 5. e3 O-O 6. Be2 b6 7. Ne5 Bb7 8. h4
Nbd7 9. h5 Nxe5 10. dxe5 Ne4 11. hxg6 hxg6 12. Bd3 Qc8 13. Qf3 Qe6 14. Bxe4
dxe4 15. Qg3 Rad8 16. Qh4 f6 17. Bh6 fxe5 18. Bxg7 Kxg7 19. Qh7+ Kf6 20. Qh4+
Kg7 21. Qh7+ Kf6 1/2-1/2

[Event "2011 Edmonton Championship"]
[Site "Edmonton"]
[Date "2011.01.06"]
[Round "1.1"]
[White "Seehagen, Terry"]
[Black "Pechenkin, Vladimir"]
[Result "0-1"]
[WhiteElo "1771"]
[BlackElo "2392"]
[PlyCount "38"]
[EventDate "2011.01.06"]
[EventType "k.o."]
[EventRounds "4"]
[EventCountry "CAN"]

1. e4 Nf6 2. Bc4 Nxe4 3. Bxf7+ Kxf7 4. Qh5+ g6 5. Qd5+ e6 6. Qxe4 Bg7 7. Nf3
Qf6 8. Nc3 d5 9. Qa4 Rf8 10. O-O Kg8 11. b4 Nc6 12. Bb2 Qf4 13. a3 Ne5 14. Nxe5
Bxe5 15. g3 Qf3 16. Rae1 Bd4 17. Nd1 e5 18. Qb3 Qxb3 19. cxb3 Bh3 0-1

[Event "2011 Edmonton Championship"]
[Site "Edmonton"]
[Date "2011.01.13"]
[Round "1.2"]
[White "Gardner, Robert"]
[Black "Kassam, Jamil"]
[Result "1/2-1/2"]
[WhiteElo "2309"]
[BlackElo "1833"]
[PlyCount "109"]
[EventDate "2011.01.06"]
[EventType "k.o."]
[EventRounds "4"]
[EventCountry "CAN"]

1. g3 d5 2. Bg2 b6 3. f4 Nf6 4. Nf3 e6 5. O-O Bb7 6. d4 c5 7. e3 Ne4 8. Ne5 Be7
9. Nd2 Nd7 10. c4 O-O 11. Nxe4 dxe4 12. Qc2 f5 13. Nxd7 Qxd7 14. Rd1 Rad8 15.
b3 Bf6 16. Bb2 Qc7 17. Rd2 Rd6 18. Rad1 Rfd8 19. g4 cxd4 20. exd4 R6d7 21. gxf5
exf5 22. d5 Bxb2 23. Qxb2 Qxf4 24. b4 Qg5 25. Qb3 f4 26. Kh1 f3 27. Bh3 Rd6 28.
Rd4 Rh6 29. Rxe4 Rxh3 30. Qb2 Rf8 31. Rg1 Qf6 32. Qxf6 Rxf6 33. Re7 f2 34.
Rexg7+ Kf8 35. Rg8+ Ke7 36. Rf1 Rf7 37. Kg2 Rhf3 38. Rb8 Kd6 39. Rxb7 Rxb7 40.
Kxf3 Rc7 41. Rc1 Rxc4 42. Rf1 Ke5 43. d6 Kxd6 44. Rxf2 Rxb4 45. Rd2+ Ke7 46.
Re2+ Kf7 47. Rd2 Ra4 48. Rd7+ Kg6 49. Rd2 Kg5 50. Kg3 Ra3+ 51. Kg2 b5 52. Rd5+
Kf6 53. Rxb5 Rxa2+ 54. Kg3 a5 55. Rb6+ 1/2-1/2

[Event "2011 Edmonton Championship"]
[Site "Edmonton"]
[Date "2011.01.13"]
[Round "1.2"]
[White "Holmstrom, Phil"]
[Black "Gicev, Blagoja"]
[Result "0-1"]
[WhiteElo "1816"]
[BlackElo "2386"]
[PlyCount "46"]
[EventDate "2011.01.06"]
[EventType "k.o."]
[EventRounds "4"]
[EventCountry "CAN"]

1. e4 c5 2. Nc3 a6 3. g3 b5 4. Bg2 Bb7 5. d3 e6 6. f4 d6 7. Nh3 Nc6 8. f5 b4 9.
Ne2 e5 10. O-O Nf6 11. Nf2 Be7 12. g4 Nd7 13. a3 Bg5 14. axb4 cxb4 15. c3 h6
16. Ng3 Bxc1 17. Rxc1 O-O 18. d4 exd4 19. cxd4 Qb6 20. Ne2 Rac8 21. Kh1 a5 22.
d5 Nce5 23. Nf4 Rxc1 0-1

[Event "2011 Edmonton Championship"]
[Site "Edmonton"]
[Date "2011.01.13"]
[Round "1.2"]
[White "Hughey, Micah"]
[Black "Pedersen, Rick"]
[Result "1-0"]
[WhiteElo "2182"]
[BlackElo "2067"]
[PlyCount "63"]
[EventDate "2011.01.06"]
[EventType "k.o."]
[EventRounds "4"]
[EventCountry "CAN"]

1. d4 g6 2. c4 Bg7 3. Nc3 Nf6 4. e4 d6 5. Nf3 O-O 6. h3 c5 7. d5 e6 8. Bd3 exd5
9. exd5 Re8+ 10. Be3 Nbd7 11. O-O a6 12. a4 b6 13. Qd2 Ne5 14. Nxe5 dxe5 15. a5
Nd7 16. Na4 e4 17. Be2 bxa5 18. Nxc5 Rb8 19. Ra2 Qc7 20. Nxd7 Bxd7 21. c5 Bb5
22. Rc1 Bxe2 23. Qxe2 Qe5 24. d6 Qd5 25. Qc4 Qc6 26. Rxa5 Rb5 27. Qa4 Ra8 28.
Rxb5 axb5 29. Qxa8+ Qxa8 30. c6 Bxb2 31. c7 Be5 32. c8=Q+ 1-0

[Event "2011 Edmonton Championship"]
[Site "Edmonton"]
[Date "2011.01.13"]
[Round "1.2"]
[White "Pechenkin, Vladimir"]
[Black "Seehagen, Terry"]
[Result "1-0"]
[WhiteElo "2392"]
[BlackElo "1771"]
[PlyCount "51"]
[EventDate "2011.01.06"]
[EventType "k.o."]
[EventRounds "4"]
[EventCountry "CAN"]

1. f4 e5 2. fxe5 d6 3. exd6 Bxd6 4. Nf3 g5 5. g3 g4 6. Nh4 Nc6 7. c3 h5 8. d4
Be7 9. Ng2 h4 10. Bf4 Nf6 11. gxh4 Ne4 12. Bg3 Bf5 13. Nd2 Nxg3 14. hxg3 Qd6
15. Kf2 O-O-O 16. e3 Rde8 17. Be2 Rhg8 18. Nf4 Bf8 19. Nc4 Qe7 20. Bd3 Be4 21.
Bxe4 Qxe4 22. Re1 Ne7 23. Nd2 Qc6 24. Qb3 Qh6 25. Qxf7 Bg7 26. Qe6+ 1-0

[Event "2011 Edmonton Championship"]
[Site "Edmonton"]
[Date "2011.01.13"]
[Round "1.2"]
[White "Purewal, Sardul"]
[Black "Grumic, Sasa"]
[Result "1/2-1/2"]
[WhiteElo "2050"]
[BlackElo "2240"]
[PlyCount "71"]
[EventDate "2011.01.06"]
[EventType "k.o."]
[EventRounds "4"]
[EventCountry "CAN"]

1. e4 g6 2. d4 Bg7 3. Nc3 d6 4. Nf3 a6 5. Be3 Nd7 6. Qd2 h6 7. a4 b6 8. Bc4 e6
9. O-O Ne7 10. Ne1 Nf6 11. d5 e5 12. Be2 g5 13. f3 Ng6 14. g3 O-O 15. Nd3 Bh3
16. Rf2 b5 17. axb5 axb5 18. Rxa8 Qxa8 19. Nxb5 Qb7 20. c4 Ra8 21. Na3 Nh5 22.
Bf1 Nhf4 23. Kh1 Bxf1 24. Rxf1 Nxd3 25. Qxd3 Qxb2 26. Nb5 Ra4 27. Nxc7 Ra3 28.
Qd2 Qb3 29. Nb5 Qxc4 30. Rb1 Ra2 31. Qd1 Bf8 32. Na7 g4 33. Rc1 Qb4 34. Rb1 Qc4
35. Rc1 Qb4 36. Rb1 1/2-1/2

[Event "2011 Edmonton Championship"]
[Site "Edmonton"]
[Date "2011.01.13"]
[Round "1.2"]
[White "Valencia, Belsar"]
[Black "Razzaq, Ali"]
[Result "1-0"]
[WhiteElo "2256"]
[BlackElo "1952"]
[PlyCount "63"]
[EventDate "2011.01.06"]
[EventType "k.o."]
[EventRounds "4"]
[EventCountry "CAN"]

1. d4 d5 2. c4 c6 3. Nf3 Nf6 4. Nc3 e6 5. g3 dxc4 6. a4 Bb4 7. Bg2 Nbd7 8. O-O
O-O 9. Qc2 c5 10. Na2 a5 11. Rd1 Qe7 12. Nxb4 cxb4 13. Qxc4 Nb6 14. Qc5 Qxc5
15. dxc5 Nbd7 16. Bf4 Nxc5 17. Bd6 Nb3 18. Bxf8 Kxf8 19. Rd8+ Ke7 20. Rad1 Nd5
21. Rh8 Nc5 22. Rc1 b6 23. e4 Nf6 24. Nd2 Bb7 25. Rxa8 Bxa8 26. f3 Nxa4 27. Rc8
Nxb2 28. Rxa8 a4 29. Bf1 Nd7 30. Bb5 Nc5 31. e5 a3 32. Re8# 1-0

[Event "2011 Edmonton Championship"]
[Site "Edmonton"]
[Date "2011.01.20"]
[Round "2.1"]
[White "Gardner, Robert"]
[Black "Wang, Richard"]
[Result "0-1"]
[WhiteElo "2309"]
[BlackElo "2264"]
[PlyCount "114"]
[EventDate "2011.01.06"]
[EventType "k.o."]
[EventRounds "4"]
[EventCountry "CAN"]

1. d4 d5 2. c4 c6 3. Nf3 Nf6 4. Nc3 dxc4 5. a4 Bf5 6. Ne5 Nbd7 7. Nxc4 Nb6 8.
Ne5 a5 9. Bg5 g6 10. f3 Bg7 11. e4 Be6 12. Be2 O-O 13. O-O Nfd7 14. Ng4 h5 15.
Ne3 Nf6 16. Bh4 Qd7 17. Bf2 Rfd8 18. Qc2 Rac8 19. Rad1 Qc7 20. Bg3 Qd7 21. d5
cxd5 22. Bb5 Rc6 23. Bxc6 Qxc6 24. Ncxd5 Nbxd5 25. Qxc6 bxc6 26. exd5 cxd5 27.
Be5 Rd7 28. Nc2 Rb7 29. Nd4 Nd7 30. Bxg7 Kxg7 31. b3 Nc5 32. Rb1 Rb4 33. Rfc1
Nd3 34. Nxe6+ fxe6 35. Rc3 Nf4 36. Rc5 d4 37. Rb5 Nd5 38. Rxb4 Nxb4 39. Kf2 Kf6
40. Ke2 Ke5 41. Rc1 Kd5 42. Rc8 e5 43. Rd8+ Kc5 44. Rg8 Nd5 45. g3 Kb4 46. Rxg6
Kxb3 47. Re6 Kc2 48. Rxe5 d3+ 49. Kf2 Nc3 50. Rxe7 d2 51. Rd7 d1=Q 52. Rxd1
Nxd1+ 53. Ke1 Nc3 54. g4 hxg4 55. fxg4 Nxa4 56. h4 Nc5 57. h5 Ne6 0-1

[Event "2011 Edmonton Championship"]
[Site "Edmonton"]
[Date "2011.01.20"]
[Round "2.1"]
[White "Pechenkin, Vladimir"]
[Black "Grumic, Sasa"]
[Result "1-0"]
[WhiteElo "2392"]
[BlackElo "2240"]
[PlyCount "71"]
[EventDate "2011.01.06"]
[EventType "k.o."]
[EventRounds "4"]
[EventCountry "CAN"]

1. c4 g6 2. Nc3 Bg7 3. g3 Nf6 4. Bg2 O-O 5. d3 d6 6. e4 e5 7. Nge2 Nc6 8. O-O
Nd4 9. Nxd4 exd4 10. Ne2 Nd7 11. b4 a5 12. b5 c5 13. bxc6 bxc6 14. Rb1 a4 15.
Ba3 Qc7 16. f4 Re8 17. g4 Nf8 18. Ng3 Ra6 19. g5 c5 20. h4 Bd7 21. Qf3 Bc8 22.
Rb2 d5 23. cxd5 c4 24. dxc4 Qxc4 25. Rd2 Nd7 26. Rc1 Qb5 27. Bf1 Qb8 28. Bxa6
Bxa6 29. h5 d3 30. e5 Bb7 31. Bd6 Qa7+ 32. Qf2 Qa5 33. Rxd3 Bxd5 34. h6 Bf8 35.
Bxf8 Nxf8 36. Rc5 1-0

[Event "2011 Edmonton Championship"]
[Site "Edmonton"]
[Date "2011.01.20"]
[Round "2.1"]
[White "Valencia, Belsar"]
[Black "Gicev, Blagoja"]
[Result "1/2-1/2"]
[WhiteElo "2256"]
[BlackElo "2386"]
[PlyCount "101"]
[EventDate "2011.01.06"]
[EventType "k.o."]
[EventRounds "4"]
[EventCountry "CAN"]

1. c4 Nf6 2. Nf3 g6 3. Nc3 Bg7 4. e4 d6 5. d4 O-O 6. Be2 Na6 7. O-O e5 8. d5
Nc5 9. Qc2 a5 10. Bg5 Bd7 11. Nd2 c6 12. Rac1 Qe7 13. b3 Rfc8 14. Qb1 Qe8 15.
a3 Na6 16. b4 axb4 17. axb4 c5 18. bxc5 Nxc5 19. Qb4 Qf8 20. Ra1 Rab8 21. Ra2
Nh5 22. Bxh5 gxh5 23. Qb1 Bh6 24. f4 exf4 25. Bxf4 Bxf4 26. Rxf4 Qh6 27. g3 Qg7
28. Nb5 Bxb5 29. Qxb5 Nd3 30. Rf1 Qd4+ 31. Kg2 Ne5 32. Qb2 Qd3 33. Ra3 Nxc4 34.
Nxc4 Qxe4+ 35. Raf3 Rxc4 36. Qf6 Rc2+ 37. Kg1 Qxd5 38. Qxf7+ Qxf7 39. Rxf7 b5
40. Rd7 Re8 41. Rxd6 b4 42. Rb6 Re4 43. Rf2 Rxf2 44. Kxf2 h4 45. gxh4 Rxh4 46.
Kg3 Rc4 47. Rb7 h6 48. h4 Kh8 49. h5 Kg8 50. Kf3 Rc3+ 51. Kg4 1/2-1/2

[Event "2011 Edmonton Championship"]
[Site "Edmonton"]
[Date "2011.01.27"]
[Round "2.2"]
[White "Gicev, Blagoja"]
[Black "Valencia, Belsar"]
[Result "0-1"]
[WhiteElo "2386"]
[BlackElo "2256"]
[PlyCount "50"]
[EventDate "2011.01.06"]
[EventType "k.o."]
[EventRounds "4"]
[EventCountry "CAN"]

1. e4 c5 2. Nf3 Nc6 3. d4 cxd4 4. Nxd4 Nf6 5. Nc3 e5 6. Ndb5 d6 7. Nd5 Nxd5 8.
exd5 Nb8 9. a4 a6 10. Na3 Bf5 11. Nc4 Nd7 12. a5 Be7 13. Be3 O-O 14. Qd2 Rc8
15. Be2 Bg6 16. O-O f5 17. f4 exf4 18. Bxf4 Nf6 19. Nb6 Ne4 20. Qd3 Rc7 21. c4
Bf6 22. Ra2 Re7 23. Bd1 Be5 24. b4 Bc3 25. Ra4 Be8 0-1

[Event "2011 Edmonton Championship"]
[Site "Edmonton"]
[Date "2011.01.27"]
[Round "2.2"]
[White "Grumic, Sasa"]
[Black "Pechenkin, Vladimir"]
[Result "0-1"]
[WhiteElo "2240"]
[BlackElo "2392"]
[PlyCount "56"]
[EventDate "2011.01.06"]
[EventType "k.o."]
[EventRounds "4"]
[EventCountry "CAN"]

1. e4 Nf6 2. e5 Nd5 3. d4 d6 4. Nf3 dxe5 5. Nxe5 c6 6. c4 Nb4 7. Na3 Nd7 8. Nd3
e5 9. Bd2 Nxd3+ 10. Bxd3 exd4 11. O-O Be7 12. Re1 O-O 13. b4 a5 14. Nc2 axb4
15. Qf3 Bf6 16. Bxb4 c5 17. Bd2 g6 18. Bf4 Nb6 19. Qg3 Bh4 20. Qf3 Qf6 21. Rab1
Na4 22. Re5 Qg7 23. Rbe1 Nb2 24. Be4 d3 25. Bxd3 Nxd3 26. Qxd3 Rxa2 27. Qb3 Ra6
28. Ne3 g5 0-1

[Event "2011 Edmonton Championship"]
[Site "Edmonton"]
[Date "2011.02.03"]
[Round "3.1"]
[White "Valencia, Belsar"]
[Black "Pechenkin, Vladimir"]
[Result "1/2-1/2"]
[WhiteElo "2256"]
[BlackElo "2392"]
[PlyCount "55"]
[EventDate "2011.01.06"]
[EventType "k.o."]
[EventRounds "4"]
[EventCountry "CAN"]

1. d4 f5 2. Nf3 Nf6 3. g3 g6 4. Bg2 Bg7 5. O-O O-O 6. c4 d6 7. Nc3 Nc6 8. d5
Na5 9. Nd2 c5 10. Rb1 e5 11. dxe6 Bxe6 12. b3 d5 13. cxd5 Nxd5 14. Nxd5 Bxd5
15. Nc4 Bxg2 16. Kxg2 Nxc4 17. bxc4 b6 18. Rb3 Re8 19. Re3 Qd4 20. Qc2 Rad8 21.
Rxe8+ Rxe8 22. Rd1 Qe4+ 23. Qxe4 Rxe4 24. Rd8+ Kf7 25. Rd7+ Kg8 26. Rd8+ Kf7
27. Rd7+ Kg8 28. Rd8+ 1/2-1/2

[Event "2011 Edmonton Championship"]
[Site "Edmonton"]
[Date "2011.02.10"]
[Round "3.2"]
[White "Pechenkin, Vladimir"]
[Black "Valencia, Belsar"]
[Result "1/2-1/2"]
[WhiteElo "2392"]
[BlackElo "2256"]
[PlyCount "77"]
[EventDate "2011.01.06"]
[EventType "k.o."]
[EventRounds "4"]
[EventCountry "CAN"]

1. f4 d5 2. Nf3 g6 3. g3 Bg7 4. Bg2 Nf6 5. O-O O-O 6. d3 c5 7. c3 Nc6 8. Qe1 d4
9. Na3 Nd5 10. Bd2 Rb8 11. Nc2 Qd6 12. Rd1 b6 13. Ng5 e6 14. a3 a5 15. c4 Ne3
16. Nxe3 dxe3 17. Bxe3 Bxb2 18. Ne4 Qd8 19. a4 Bg7 20. Bf2 Bb7 21. g4 f5 22.
Ng5 Re8 23. gxf5 gxf5 24. Bh4 Qd6 25. Qg3 Nd4 26. Rf2 h6 27. Nf3 Nxf3+ 28. Bxf3
Bxf3 29. Qxf3 Kh7 30. Kh1 Rg8 31. Rg2 Bd4 32. e3 Rxg2 33. Kxg2 Rg8+ 34. Kf2 Bh8
35. Qb7+ Rg7 36. Qc8 Rg8 37. Qb7+ Rg7 38. Qc8 Rg8 39. Qb7+ 1/2-1/2

[Event "2011 Edmonton Championship"]
[Site "Edmonton"]
[Date "2011.02.12"]
[Round "3.3"]
[White "Valencia, Belsar"]
[Black "Pechenkin, Vladimir"]
[Result "1/2-1/2"]
[WhiteElo "2175"]
[BlackElo "2305"]
[PlyCount "71"]
[EventDate "2011.01.06"]
[EventType "k.o."]
[EventRounds "4"]
[EventCountry "CAN"]

1. d4 f5 2. Nf3 Nf6 3. g3 g6 4. Bg2 Bg7 5. O-O O-O 6. c4 d6 7. Nc3 c6 8. Qc2
Na6 9. a3 Qe8 10. d5 e5 11. dxe6 Bxe6 12. b3 d5 13. cxd5 Nxd5 14. Bb2 f4 15.
Nxd5 Bxd5 16. Bxg7 Kxg7 17. Qc3+ Kg8 18. Ne5 Bxg2 19. Kxg2 Qe6 20. Qc4 Rae8 21.
gxf4 Qxc4 22. Nxc4 Rxe2 23. Rfe1 Rxe1 24. Rxe1 Rxf4 25. Re7 Nc5 26. Nd6 b5 27.
b4 Nd3 28. f3 a6 29. Kg3 Rd4 30. Ne4 Nb2 31. Nf6+ Kf8 32. Rxh7 Nc4 33. Nd7+ Kg8
34. Nf6+ Kf8 35. Nd7+ Kg8 36. Nf6+ 1/2-1/2

[Event "2011 Edmonton Championship"]
[Site "Edmonton"]
[Date "2011.02.12"]
[Round "3.4"]
[White "Pechenkin, Vladimir"]
[Black "Valencia, Belsar"]
[Result "1/2-1/2"]
[WhiteElo "2305"]
[BlackElo "2175"]
[PlyCount "81"]
[EventDate "2011.01.06"]
[EventType "k.o."]
[EventRounds "4"]
[EventCountry "CAN"]

1. f4 c5 2. Nf3 g6 3. e4 Nc6 4. Nc3 Bg7 5. d3 d6 6. g3 e6 7. Bg2 Nge7 8. O-O
O-O 9. g4 f5 10. exf5 exf5 11. g5 Be6 12. Re1 Bf7 13. Bd2 Qd7 14. a3 Rae8 15.
Rb1 Nc8 16. b4 b6 17. h4 Nd4 18. Rxe8 Rxe8 19. Nxd4 Bxd4+ 20. Kh2 d5 21. Qf3
Ne7 22. Re1 Bxc3 23. Bxc3 d4 24. Bd2 Nd5 25. Qf2 Kf8 26. Kg3 Qa4 27. Rxe8+ Qxe8
28. bxc5 bxc5 29. Bxd5 Bxd5 30. c3 Qa4 31. cxd4 Qxd4 32. Qxd4 cxd4 33. Bb4+ Kf7
34. Bc5 a6 35. Bxd4 Ke6 36. Kf2 Bb3 37. Ke3 Kd5 38. Bb6 Bc2 39. Kd2 Ba4 40. Kc3
Bb5 41. Bd8 1/2-1/2

[Event "2011 Edmonton Championship"]
[Site "Edmonton"]
[Date "2011.02.12"]
[Round "3.5"]
[White "Pechenkin, Vladimir"]
[Black "Valencia, Belsar"]
[Result "0-1"]
[WhiteElo "2305"]
[BlackElo "2175"]
[PlyCount "104"]
[EventDate "2011.01.06"]
[EventType "k.o."]
[EventRounds "4"]
[EventCountry "CAN"]

1. e4 c5 2. c4 Nc6 3. Nc3 d6 4. d3 g6 5. g3 Bg7 6. Bg2 e6 7. Nge2 Nge7 8. O-O
O-O 9. Rb1 Rb8 10. a3 a5 11. Bg5 f6 12. Be3 e5 13. f4 b6 14. Qd2 Be6 15. f5
gxf5 16. exf5 Bf7 17. Bh6 d5 18. cxd5 Nxd5 19. Be4 Nd4 20. Nxd4 cxd4 21. Nxd5
Bxd5 22. Rbe1 Rc8 23. Bxg7 Kxg7 24. Bxd5 Qxd5 25. Re4 Kh8 26. g4 Rf7 27. h4 Qb3
28. Rf2 Rfc7 29. Qh6 Qf7 30. g5 Rc6 31. g6 Qg7 32. Qxg7+ Kxg7 33. gxh7 Kxh7 34.
Rg4 Rg8 35. Rxg8 Kxg8 36. Rg2+ Kh7 37. Kh2 Rc1 38. Rg6 Rc2+ 39. Kg3 Rxb2 40.
Rxf6 Rb3 41. a4 Rxd3+ 42. Kg4 Re3 43. Rxb6 d3 44. Rb7+ Kh6 45. Rb6+ Kg7 46.
Rb7+ Kf8 47. Kg5 Ke8 48. Kf6 d2 49. Ke6 Rd3 50. f6 d1=Q 51. f7+ Kf8 52. Rb8+
Rd8 0-1